000 00660nam a2200229 i 4500
001 bgj
100 1 _aCHALKER, Sylvia
245 1 0 _aThe Oxford Dictionary of English Grammar /
_cSylvia Chalker, Edmund Weiner.
250 _a[reissued 1998].
260 _aOxford :
_bOxford University Press,
_c1998
_aNew York.
300 _a448 pp :
_bfig. ;
_c20 cm.
504 _aBibliography p. 433-439.
650 9 _aEnglish language
_xGrammar
655 _aDictionaries
700 1 _aWEINER, Edmund.
_eco-author
020 _a0192800876
040 _cBPK
041 0 _aeng
920 _a0-19-280087-6
942 _cKS
008 s uk f |000 0 eng
999 _c48240
_d48240
856 _uhttp://koha.tu.koszalin.pl/cgi-bin/koha/opac-detail.pl?biblionumber=48240
_yKatalog online BPK